000357762 001__ 357762
000357762 005__ 20250227110406.0
000357762 0247_ $$2doi$$a10.18429/JACOW-COOL2021-P2002
000357762 0247_ $$2datacite_doi$$a10.15120/GSI-2025-00443
000357762 037__ $$aGSI-2025-00443
000357762 041__ $$aEnglish
000357762 1001_ $$0P:(DE-Ds200)OR7171$$aWunderlich, Stefan$$b0$$eCorresponding author$$ugsi
000357762 1112_ $$a13th Workshop on Beam Cooling and Related Topics$$cNovosibirsk$$d2021-11-01 - 2021-11-05$$wRussia
000357762 245__ $$aSuspended Ground Microstrip Coupled Slotline Electrode for Stochastic Cooling
000357762 260__ $$aGeneva, Switzerland$$bJACoW Publishing$$c2021
000357762 29510 $$aProceedings of the 13th International Workshop on Beam Cooling and Related Topics, COOL2021, Novosibirsk, Russia
000357762 300__ $$a3 pages
000357762 3367_ $$2ORCID$$aCONFERENCE_PAPER
000357762 3367_ $$033$$2EndNote$$aConference Paper
000357762 3367_ $$2BibTeX$$aINPROCEEDINGS
000357762 3367_ $$2DRIVER$$aconferenceObject
000357762 3367_ $$2DataCite$$aOutput Types/Conference Paper
000357762 3367_ $$0PUB:(DE-HGF)8$$2PUB:(DE-HGF)$$aContribution to a conference proceedings$$bcontrib$$mcontrib$$s1739883926_2184541
000357762 3367_ $$0PUB:(DE-HGF)7$$2PUB:(DE-HGF)$$aContribution to a book$$mcontb
000357762 500__ $$aPublished by JACoW Publishing under the terms of the Creative Commons Attribution 3.0 International license.
000357762 520__ $$aAn alternative design of a slotline electrode has been developed and simulated. In contrast to the planar slotline pick-up designed for FAIR CR and the slot-ring electrode built by FZJ for FAIR HESR, the presented design uses suspended microstrip lines for the coupling to a planar slotline. This has some advantages and disadvantages for kicker and pick-up applications in respect of losses, power handling, and mechanical aspects.
000357762 536__ $$0G:(DE-HGF)POF4-621$$a621 - Accelerator Research and Development (POF4-621)$$cPOF4-621$$fPOF IV$$x0
000357762 588__ $$aDataset connected to DataCite
000357762 650_7 $$2Other$$aAccelerator Physics
000357762 650_7 $$2Other$$aStochastic cooling
000357762 693__ $$0EXP:(DE-Ds200)no_experiment-20200803$$1EXP:(DE-Ds200)theory-20200803$$5EXP:(DE-Ds200)no_experiment-20200803$$atheory$$eno experiment theory work (theory)$$x0
000357762 7001_ $$0P:(DE-Ds200)OR0932$$aPeschke, Claudius$$b1$$ugsi
000357762 7001_ $$aKuzin, Maksim V.$$b2$$eEditor
000357762 7001_ $$aSchaa, Volker RW$$b3$$eEditor
000357762 773__ $$a10.18429/JACOW-COOL2021-P2002
000357762 8564_ $$uhttps://repository.gsi.de/record/357762/files/p2002.pdf$$yOpenAccess
000357762 8564_ $$uhttps://repository.gsi.de/record/357762/files/p2002.pdf?subformat=pdfa$$xpdfa$$yOpenAccess
000357762 909CO $$ooai:repository.gsi.de:357762$$pdnbdelivery$$pdriver$$pVDB$$popen_access$$popenaire
000357762 9101_ $$0I:(DE-Ds200)20121206GSI$$6P:(DE-Ds200)OR7171$$aGSI Helmholtzzentrum für Schwerionenforschung GmbH$$b0$$kGSI
000357762 9101_ $$0I:(DE-Ds200)20121206GSI$$6P:(DE-Ds200)OR0932$$aGSI Helmholtzzentrum für Schwerionenforschung GmbH$$b1$$kGSI
000357762 9131_ $$0G:(DE-HGF)POF4-621$$1G:(DE-HGF)POF4-620$$2G:(DE-HGF)POF4-600$$3G:(DE-HGF)POF4$$4G:(DE-HGF)POF$$aDE-HGF$$bForschungsbereich Materie$$lMaterie und Technologie$$vAccelerator Research and Development$$x0
000357762 9141_ $$y2021
000357762 915__ $$0LIC:(DE-HGF)CCBY3$$2HGFVOC$$aCreative Commons Attribution CC BY 3.0
000357762 915__ $$0StatID:(DE-HGF)0510$$2StatID$$aOpenAccess
000357762 920__ $$lno
000357762 9201_ $$0I:(DE-Ds200)BCO-20121002OR238$$kBCO$$lStrahlkühlung$$x0
000357762 980__ $$acontrib
000357762 980__ $$aVDB
000357762 980__ $$aUNRESTRICTED
000357762 980__ $$acontb
000357762 980__ $$aI:(DE-Ds200)BCO-20121002OR238
000357762 9801_ $$aFullTexts